00984njm a22002657a 450000500170000000600190001700700150003600800410005102800190009203500130011104000130012410000190013724501060015624600830026226000300034530000940037550000170046950000320048650500980051860000190061665000350063570000180067070000150068870000150070320100921111339.0a|||||r|||||00| 0 sd ammalaaahaa100901t xxu||||| |||| 00| 0 eng d aIND 1086 bCBS aGR-05792 aSEDcSED aMehra, Vatsala aNigaahen /cby Vatsala Mehra; composed by Anup Jalota, Roop Kumar [and] Aslam Khanh[Sound recording] aनिगाहें / वत्सला मेहरा द्वारा  aDum Dum, IndiabCBSc1984 a1 Sound disc [Gramophone Recording] :banalog, 33 1/3 rpmc12 in. (LP)fGramophone Record aBrief record aRecord Labels : CBS, Orange aSide-1 (Hum bhi gareeb ayen) (Vatsala Mehra) --Side-2 (Unka gham bhi na raha) (Vatsala Mehra) aMehra, Vatsala aGhazels songsxExcerptszIndia aJalota, Anup  aRoop Kumar aAslam Khan